[Event "Mecklenburg VP-ch U12"]
[Site "Malchow"]
[Date "2018.02.07"]
[Round "4.3"]
[White "Schott, Andy"]
[Black "Tovmasyan, Minas"]
[Result "0-1"]
[WhiteElo "1080"]
[BlackElo "1480"]
[PlyCount "102"]
[EventDate "2018.02.07"]
[EventType "swiss"]
[EventRounds "7"]
[EventCountry "GER"]
[SourceTitle "EXT 2022"]
[Source "ChessBase"]
[SourceDate "2021.10.06"]
[SourceVersion "1"]
[SourceVersionDate "2021.10.06"]
[SourceQuality "1"]

1. e4 c5 2. Nf3 e6 3. d4 cxd4 4. Nxd4 a6 5. c4 Qc7 6. a3 Nf6 7. Nc3 Be7 8. Be2 0-0 9. Be3 Nc6 10. 0-0 Ne5 11. b3 Nc6 12. b4 d6 13. Rc1 Bd7 14. f4 Nxd4 15. Qxd4 e5 16. fxe5 dxe5 17. Qd3 Rad8 18. Qc2 Bc6 19. Na4 Qb8 20. Nc5 Bxc5 21. Bxc5 Rfe8 22. Be3 Bd7 23. c5 Bc6 24. Bf3 Rd7 25. Rfd1 Red8 26. Rxd7 Rxd7 27. Bg5 h6 28. Bxf6 gxf6 29. Rd1 Qd8 30. Rxd7 Qxd7 31. Qc4 Kf8 32. Qc1 Kg7 33. h4 Qd4+ 34. Kh2 Bxe4 35. Qd1 Bxf3 36. Qxf3 Qxh4+ 37. Qh3 Qf4+ 38. Qg3+ Qxg3+ 39. Kxg3 f5 40. Kf3 Kf6 41. a4 Ke6 42. Ke3 Kd5 43. Kd3 e4+ 44. Kc3 e3 45. Kd3 e2 46. Kxe2 Kc4 47. Kf3 Kxb4 48. Kf4 Kxc5 49. Kxf5 b5 50. axb5 axb5 51. Kf6 b4 0-1